LEADER 01055nam a2200265 u 4500 001 000000026063 003 CaOOAMICUS 005 20070226111532.0 008 950805s1940 it f u000 u ita u 035 $a10671390 040 $aPUL$bita 100 1 $aToffanin, Giuseppe,$d1891-$0(OLS)http://pul/name/167 245 10$aStoria dell'umanesimo (dal XIII al XVI secolo) /. 250 $a2. ed.,$briv. con aggiunte bibliografiche. 260 $aRoma :$bPerrella,$c1940. 300 $axv, 395 p. :$btav. ;$c22 cm 500 $aComprende indici 504 $aBibliografia p. 373-388 650 4$aUmanesimo$xStoria$ySec. XIII-XVI.$0(OLS)http://pul/subject/15280 850 $aPUL 852 $aPUL$W1$xDP1 Fondo Maccarrone$y58$m1505 G 32$j36444$nBK-PRI$b $qFondi$B36444$CPULBib$Z2$F36444 $H $81 941 1 $a1 961 $aINV: 01666 -- Fondo Mons. M. Maccarrone 996 $6245$aStoria dell'umanesimo (dal XIII al XVI secolo)$9(OLS)http://pul/title/35843 996 $6260$aRoma :$bPerrella$9(OLS)http://pul/publisher/59142 LEADER 01216nam a2200265 a 4500 001 000000157920 003 CaOOAMICUS 005 20170118170138.0 008 170118s1938 it m 001 u ita r 032 $aLibriCat 040 $aPUL$bita 100 1 $aParasiliti, Gaetano.$0(OLS)http://pul/name/100828 245 13$aIl clero secolare e la vita comune (Dal sec. XVI al sec. XIX) / $cGaetano Parasiliti. 260 $aRoma :$bScuola Tip. Don Luigi Guanella,$c1938. 300 $a69 p. ;$c25 cm. 502 $aEstratto di Tesi -- Pontificia Universitas Gregoriana. Facultas Iuris Canonici. 1938. 504 $aBibliografia in nota a pič pagina. 650 04$aClero$zItalia$ySec. XVI-XIX.$0(OLS)http://pul/subject/30405 710 2 $aPontificia Universitā Gregoriana.$bFacoltā di diritto canonico.$kTesi.$0(OLS)http://pul/name/81757 850 $aPUL 852 $aPUL$W1$xDP1 Tesi Pon. Univ. Gregoriana$y40$mTH PUG 126$j181249$qTesi$B184383$CPULBib$Z2$F184383 $82 941 1 $a16 996 $6245$aIl clero secolare e la vita comune (Dal sec. XVI al sec. XIX) / $9(OLS)http://pul/title/197510 996 $6260$aRoma :$bScuola Tip. Don Luigi Guanella$9(OLS)http://pul/publisher/75960